| 000 | 00409cam a2200145 4500500 | ||
|---|---|---|---|
| 005 | 20260111093228.0 | ||
| 041 | _afre | ||
| 042 | _adc | ||
| 100 | 1 | 0 |
_aSchmid, Lucile _eauthor |
| 245 | 0 | 0 | _aIncertitudes |
| 260 | _c2017. | ||
| 500 | _a65 | ||
| 786 | 0 | _nEsprit | Jui | 6 | 2017-06-01 | p. 14-17 | 0014-0759 | |
| 856 | 4 | 1 | _uhttps://shs.cairn.info/revue-esprit-2017-6-page-14?lang=fr&redirect-ssocas=7080 |
| 999 |
_c1625766 _d1625766 |
||